000 00440nam a2200169Ia 4500
008 240729s9999 xx 000 0 und d
022 _a2223-7895
245 0 _aPythagoras
260 _aSouth Africa
260 _bAOSIS
650 _a Mathematics | Education
650 _a Theory and practice of education
650 _aScience
856 _uhttps://doaj.org/toc/02a150e0b0514dbeaf84fd94d99e0ea3
942 _2ddc
942 _cDOAJEJ
999 _c73833
_d73833
945 _a1
_bMadushi Gamage
_c1
_dMadushi Gamage